书目信息 |
| 题名: |
唯物史观视阈中的交往理论研究
|
|
| 作者: | 马新晶 著 | |
| 分册: | ||
| 出版信息: | 北京 中国社会科学出版社 2013 |
|
| 页数: | 192页 | |
| 开本: | 24cm | |
| 丛书名: | ||
| 单 册: | ||
| 中图分类: | A811.64 , C912.3 | |
| 科图分类: | ||
| 主题词: | 马克思主义--心理交往--研究 , 马克思主义 , 心理交往 | |
| 电子资源: | ||
| ISBN: | 978-7-5161-3472-6 | |
| 000 | 01269nam0 2200277 450 | |
| 001 | 519 | |
| 005 | 20140904155458.35 | |
| 010 | @a978-7-5161-3472-6@dCNY36.00 | |
| 100 | @a20140228d2013 em y0chiy50 ea | |
| 101 | 0 | @achi |
| 102 | @aCN@b110000 | |
| 105 | @ay z 000yy | |
| 106 | @ar | |
| 200 | 1 | @a唯物史观视阈中的交往理论研究@AWei Wu Shi Guan Shi Yu Zhong De Jiao Wang Li Lun Yan Jiu@f马新晶著@FMa Xin Jing Zhu |
| 210 | @a北京@c中国社会科学出版社@d2013 | |
| 215 | @a192页@d24cm | |
| 300 | @a中国社会科学院创新工程学术出版资助项目 | |
| 330 | @a本书试图将交往理论置于唯物史观视域中进行考察,对马克思交往理论的理论渊源、逻辑进路、科学内涵与基本特征进行了全面梳理与阐述,认为马克思的交往以物质生产为基础,以现实的人为出发点和归宿,并对西方马克思主义对交往理论的发展进行了考察,特别是哈贝马斯的交往行为理论和霍耐特的承认理论,并以马克思唯物史观为指导,对西方马克思主义交往理论进行了批判性研究。最后,用马克思交往理论反观当前社会主义和谐社会建设,试图为和谐状态的达成,提供一些理论支持并对现实问题进行关照。 | |
| 606 | 0 | @a马克思主义@x心理交往@x研究 |
| 606 | 0 | @a马克思主义 |
| 606 | 0 | @a心理交往 |
| 690 | @aA811.64@v5 | |
| 690 | @aC912.3@v5 | |
| 701 | 0 | @a马新晶@AMa Xin Jing@4著 |
| 801 | 0 | @aCN@bTANGWEI@c20140603 |
| 905 | @b0839023-25@dA811.64@e241@f3 | |
| 唯物史观视阈中的交往理论研究/马新晶著.-北京:中国社会科学出版社,2013 |
| 192页;24cm |
| 中国社会科学院创新工程学术出版资助项目 |
| ISBN 978-7-5161-3472-6:CNY36.00 |
| 本书试图将交往理论置于唯物史观视域中进行考察,对马克思交往理论的理论渊源、逻辑进路、科学内涵与基本特征进行了全面梳理与阐述,认为马克思的交往以物质生产为基础,以现实的人为出发点和归宿,并对西方马克思主义对交往理论的发展进行了考察,特别是哈贝马斯的交往行为理论和霍耐特的承认理论,并以马克思唯物史观为指导,对西方马克思主义交往理论进行了批判性研究。最后,用马克思交往理论反观当前社会主义和谐社会建设,试图为和谐状态的达成,提供一些理论支持并对现实问题进行关照。 |
| ● |
| 相关链接 |
|
|
|
|
正题名:唯物史观视阈中的交往理论研究
索取号:A811.64/241
 
预约/预借
| 序号 | 登录号 | 条形码 | 馆藏地/架位号 | 状态 | 备注 |
| 1 | 0839023 | 208390230 | 第一样本阅览室/ [索取号:A811.64/241] | 在馆 | |
| 2 | 0839024 | 208390249 | 第一借阅区/ [索取号:A811.64/241] | 在馆 | |
| 3 | 0839025 | 208390258 | 第一借阅区/ [索取号:A811.64/241] | 在馆 |